000 01080nam a22002537a 4500
001 BD-DhSAU 8707
003 BD-DhSAU
005 20181213105424.0
008 150613b2006 bg a|||| m||| 00| 0 eng d
040 _aBD-DhSAU
082 _222
_a595.7
_bAZ13
100 _aAzam, Md. Golam
_eRegistration # 22913/00106
245 _aComparative efficacy and economics of synthetic and botanical insecticide for the management of stem fly, thrips and white fly of mungbean /
_bMS thesis
_cMd. Golam Azam
260 _aSher-e-Bangla Agricultural University :
_bDepartment of Entomology,
_c2006.
300 _aix, 56 p. :
_bill. ;
_c29 cm.
500 _aMS thesis of Department of Entomology, Faculty of Agriculture, Sher-e-Bangla Agricultural University, Dhaka, Bangladesh
504 _aIncludes bibliographical reference.
590 _aJerin
650 _aEntomology
700 _aKabir, Kamal Humayun
_eSuperviser
700 _aBegum, Jahanara
_eCo-superviser
856 _uhttp://archive.saulibrary.edu.bd:8080/xmlui/handle/123456789/1173
942 _2ddc
_cTHESIS
999 _c8707
_d8707